Religion - Richtig oder Falsch? - Statistiken

Allgemein
  • Dieses Quiz wurde 416 mal gespielt
  • Das Durchschnittsergebnis liegt bei 4 aus 5
Antwortstatistiken
Frage Antwort % Korrekt
Muslime dürfen kein Schweinefleisch essen. Richtig
99%
Fastenzeiten gibt es nur im Islam. Falsch
98%
Das Weihnachtsfest ist das größte Fest im Judentum. Falsch
95%
Die Heilige Stadt der Juden ist Jerusalem. Richtig
94%
Im Islam kennt man Jesus nicht. Falsch
91%
Das Judentum ist die älteste der drei Religionen. Richtig
89%
Im Judentum gibt es strenge Speisevorgaben. Richtig
86%
Im Islam gibt es ein Alkoholverbot. Richtig
86%
Die gemeinsame Wurzel der drei Religionen ist das Lukasevangelium. Falsch
80%
Das Christentum ist die älteste der drei Religion. Falsch
79%
Muslime beten Sonntags gemeinsam in der Moschee. Falsch
67%
Jüdische Kinder sind bei Ihrer Taufe auf den Tag genau sechs Wochen alt. Richtig
39%
Die Islamische Zeitrechnung beginnt im Jahre 622 n. Chr. Falsch
26%
Keine übereinstimmenden Quizze gefunden
Verteilung der Resultate
Anzahl Personen mit jedem Resultat
Perzentil nach korrekt beantworteten Fragen
Ihre Resultats-Entwicklung
Sie haben dieses Quiz noch nicht gespielt